000 00803nam a2200241Ia 4500
001 10757
003 GE_BSU
008 181216s||||||||xx |||||||||||||| ||und||
020 _a9994076450
040 _cGE_BSU
100 _aსურგულაძე,ლამარა
245 _aკომპიუტერული დანაშაული
245 _bკომენტარი.
245 _cრედ:ზაზა ნანობაშვილი.
260 _aთბილისი
260 _bბონა კაუზა
260 _c2003
300 _a74გვ;20სმ.
300 _bბიბლიოგრ.გვ:71-72.
541 _h7ლ.
653 _aკომპიუტერული დანაშაული:კომენტარი.
942 _cBK
999 _c44007
_d44007